Protecting natural resources with remote sensing : the third Forest Service Remote Sensing Applications Conference held at the Unversity of Arizona and the Doubletree Inn, Tucson, Arizona, April 9-13, 1990
Αποθηκεύτηκε σε:
| Συλλογικό Έργο: | , , , |
|---|---|
| Μορφή: | Πρακτικό Συνεδρίου Βιβλίο |
| Γλώσσα: | English |
| Δημοσίευση: |
Bethesda :
American Society of Photogrammetry and Remote Sensing,
c1990
|
| Θέματα: | |
| Ετικέτες: |
Προσθήκη ετικέτας
Δεν υπάρχουν, Καταχωρήστε ετικέτα πρώτοι!
|
MARC
| LEADER | 00000cam a2200000 i 4500 | ||
|---|---|---|---|
| 001 | 1/2123 | ||
| 008 | 950809s1990 eng d | ||
| 020 | |a 0-944426-35-2 | ||
| 035 | |l 10014706 | ||
| 040 | |a GR-MY-UA |b gre |e aacr | ||
| 041 | 0 | |a eng | |
| 082 | 0 | |a 634.9 | |
| 111 | 2 | |a Forest Service Remote Sensing Applications Conference |n (3rd : |d 1990 : |c University of Arizona) | |
| 245 | 1 | 0 | |a Protecting natural resources with remote sensing : |b the third Forest Service Remote Sensing Applications Conference held at the Unversity of Arizona and the Doubletree Inn, Tucson, Arizona, April 9-13, 1990 / |c Sponsored by United States Department of Agriculture, Forest Service [and] University of Arizona, Office of Arid Lands Studies [and] Society of American Foresters, Remote Sensing and Photogrammetry Working Group (A-2) |
| 260 | |a Bethesda : |b American Society of Photogrammetry and Remote Sensing, |c c1990 | ||
| 300 | |a ix, 488 p.; |b ill.; |c 23 cm | ||
| 504 | |a Includes bibliographical references and index | ||
| 610 | 1 | 0 | |a United States. |b Forest Service |x Congresses. |
| 650 | 0 | 0 | |a Forests and forestry |x Remote sensing |x Congresses. |
| 650 | 0 | 0 | |a Forests and forestry |z United States |x Remote sensing |x Congresses. |
| 650 | 0 | 0 | |a Natural resources |x Remote sensing |x Congresses. |
| 710 | 1 | |a United States. |b Forest Service. | |
| 710 | 2 | |a University of Arizona. |b Office of Arid Lands Studies. | |
| 710 | 2 | |a Society of American Foresters. |b Remote Sensing Working Group. | |
| 852 | |a INST |b LESVOS |e 19950809 |h 634.9 PRO |p 005100007473 |q 005100007473 |t BK |y 0 | ||